| 000 | 01273nam a2200277 i 4500 | ||
|---|---|---|---|
| 001 | bg | ||
| 100 | 1 | _aCHECHELSKI, Piotr | |
| 245 | 1 | 0 |
_aWydajność pracy w przemyśle spożywczym Polski i Unii Europejskiej / _cPiotr Chechelski, Grażyna Morkis. |
| 260 |
_aWarszawa : _bIERiGŻ, _c2002. |
||
| 300 |
_a66, [1] s. : _bil. ; _c25 cm. |
||
| 490 | 1 |
_aStudia i Monografie / Instytut Ekonomiki Rolnictwa i Gospodarki Żywnościowej, _x0239-7102 ; _v112 |
|
| 500 | _aStreszcz. ang., ros. | ||
| 504 | _aBibliogr. | ||
| 650 | 9 |
_aProduktywność pracy _xprzemysł _zPolska _yod 1989 r. |
|
| 650 | 9 |
_aProduktywność pracy _xprzemysł _zkraje Unii Europejskiej _yod 1989 r. |
|
| 650 | 9 |
_aPrzemysł rolno-spożywczy _xekonomika _zPolska _yod 1989 r. |
|
| 650 | 9 |
_aPrzemysł rolno-spożywczy _xekonomika _zkraje Unii Europejskiej _yod 1989 r. |
|
| 700 | 1 | _aMORKIS, Grażyna | |
| 830 | 0 |
_aStudia i Monografie (Instytut Ekonomiki Rolnictwa i Gospodarki Żywnościowej) ; _v112 |
|
| 040 | _cBPK | ||
| 041 | 0 |
_apol _bengrus |
|
| 080 | _a331.101.6:338.45::664](4-67:438)"1989/..."(083.41) | ||
| 942 | _cKS | ||
| 008 | s pl f |000 0 pol | ||
| 999 |
_c43171 _d43171 |
||
| 856 |
_uhttp://koha.tu.koszalin.pl/cgi-bin/koha/opac-detail.pl?biblionumber=43171 _yKatalog online BPK |
||